000 00312nam a22001337a 4500
008 171106b xxu||||| |||| 00| 0 eng d
020 _a0314870644
041 _aeng
080 _a330.722.6
100 _a61
101 _aKON
245 _aTHE USE OF MICROCOMPUTERS IN ACCOUNTING
_cHICKS,S.A
942 _2udc
_cBK
999 _c37877
_d37877